000 00731cam a2200217 4500
001 ABS62477
008 000000n2000 000 0 eng u
035 _a(Sirsi) u106675
100 _aWood, M.
245 _aIT plays major role for Forestry Commission as business broadens
260 _c2000
490 _aCSM
_bChartered Surveyor Monthly
_vJune 2000, 24-25(2)
520 _aArticle looks at how information technology has been an integral part of the changes in the role of the Forestry Commission.
590 _aABS
650 _aFORESTRY COMMISSION
650 _aLAND AGENCY
650 _aCOMMUNICATION
650 _aBUSINESS
690 _aENVIRONMENTAL AND LAND CONSULTANCY-ENVIRONMENTAL MANAGEMENT
942 _n0
999 _c63862
_d63862